000
00285cam a2200121 4500
001
L129411
008
050418n1907 000 0 eng u
035
_a
(Sirsi) u129411
041
_a
eng
245
_a
"The Times" estate market report
260
_a
[S.l]
_b
[s.n.]
_c
1907
942
_n
0
999
_c
104179
_d
104179